Normal view MARC view

Entry Personal Name

Number of records used in: 1

001 - CONTROL NUMBER

  • control field: 623732

003 - CONTROL NUMBER IDENTIFIER

  • control field: OSt

005 - DATE AND TIME OF LATEST TRANSACTION

  • control field: 20221005103959.0

008 - FIXED-LENGTH DATA ELEMENTS

  • fixed length control field: 221005|| aca||aabn | a|a d

040 ## - CATALOGING SOURCE

  • Original cataloging agency: OSt
  • Transcribing agency: OSt

100 ## - HEADING--PERSONAL NAME

  • Personal name: मैक्चेस्नी, रॉबर्ट डब्ल्यू., और अन्य, संपा

670 ## - SOURCE DATA FOUND

  • Source citation: Work cat.: (OSt)1011431: मैक्चेस्नी, रॉबर्ट डब्ल्यू., और अन्य, संपा., पूंजीवाद और सूचना का युग, 2006
Copyright @ Delhi University Library System